Door - Conan Gray Lyrics - Statistics

General Stats
  • This quiz has been taken 9 times
  • The average score is 228 of 260
Answer Stats
Hint Answer % Correct
A
100%
a
100%
about
100%
and
100%
And
100%
be
100%
do
100%
door
100%
Chorus | Verse 1 I
100%
I'll
100%
Verse 2 I'm
100%
it
100%
just
100%
love
100%
me
100%
my
100%
on
100%
On
100%
Chorus So
100%
the
100%
to
100%
we
100%
were
100%
When
100%
when
100%
you,
100%
you
100%
You
100%
your
100%
Bridge You're
100%
you're
100%
baby,
86%
bead
86%
bed
86%
but
86%
But
86%
calling
86%
close
86%
closed
86%
eyes,
86%
for
86%
for?
86%
halfway
86%
I've
86%
keep
86%
London
86%
need
86%
not
86%
of
86%
Post-Chorus | Post-chorus Only
86%
open
86%
opened
86%
phone
86%
picking
86%
sing
86%
that
86%
this
86%
up
86%
went
86%
Who
86%
away
71%
butts
71%
cab
71%
cigarette
71%
could
71%
even
71%
Falling
71%
find
71%
floor
71%
found
71%
from
71%
go
71%
good
71%
he
71%
how,
71%
kiss
71%
left
71%
myself
71%
never
71%
night
71%
off
71%
One
71%
page
71%
porch
71%
same
71%
savoring
71%
shared
71%
sheets
71%
slept
71%
songs
71%
spilled
71%
stage
71%
stop
71%
taking
71%
today
71%
train
71%
turn
71%
wine
71%
Wipe
71%
doesn't
57%
don't
57%
else,
57%
exist
57%
headphones
57%
know
57%
lonelier
57%
makes
57%
person
57%
rosary
57%
somebody
57%
still
57%
tried
57%
Wiped
57%
word
57%
(Ah)
29%
No matching quizzes found
Score Distribution
Percent of People with Each Score
Percentile by Number Answered
Your Score History
You have not taken this quiz